000 00486nam a2200193Ia 4500
005 20240823013005.0
008 240823s9999||||xx |||||||||||||| ||und||
020 _a9-814-12620-9
041 _aENGLISH
082 _A621.367 P3
100 _a"Pratt,William K"
245 0 _aDigital Image Processing PIKS Inside
250 _a3rd
260 _c2003
_b"John Wiley & Sons,New "
500 _aTRANSFERED
650 _aImage Processing
_bElectronics
942 _cBK
999 _c165978
_d165978